| Tag |
First Indicator |
Second Indicator |
Subfields |
| LEADER |
00000cam a2200000 4500 |
| 001 |
in00000075465 |
| 005 |
20151008052644.0 |
| 008 |
720322s1965 dcu b 00000 eng u |
| 010 |
|
|
|a 65017865
|
| 035 |
|
|
|a (OCoLC)00268942
|
| 035 |
|
|
|9 AAH4321AM
|
| 040 |
|
|
|c WSU
|d TXA
|d UtOrBLW
|
| 049 |
|
|
|a TXAM
|c [461091]
|
| 050 |
|
0 |
|a HG3729.U5
|b .B685
|
| 092 |
|
|
|a 353
|b B828f
|
| 100 |
1 |
|
|a Break, George F.
|
| 245 |
1 |
0 |
|a Federal lending and economic stability /
|c by George F. Break.
|
| 264 |
|
1 |
|a Washington :
|b Brookings Institution,
|c [1965]
|
| 300 |
|
|
|a 185 pages
|
| 336 |
|
|
|a text
|b txt
|2 rdacontent
|
| 337 |
|
|
|a unmediated
|b n
|2 rdamedia
|
| 338 |
|
|
|a volume
|b nc
|2 rdacarrier
|
| 504 |
|
|
|a Bibliographical footnotes.
|
| 650 |
|
0 |
|a Government lending
|z United States.
|
| 999 |
|
|
|a MARS
|
| 999 |
f |
f |
|s fdc896d9-0a17-3d0d-9139-c3eb286839dd
|i 82b9e37a-f068-3af7-92ab-3384c273f7ba
|t 0
|
| 952 |
f |
f |
|p ric
|a Texas A&M University
|b Rellis Campus
|c Joint Library Facility
|d Remote Storage
|t 0
|e HG3729.U5 .B685
|h Library of Congress classification
|i unmediated -- volume
|m A14800798503
|
| 998 |
f |
f |
|a HG3729.U5 .B685
|t 0
|l Remote Storage
|